| 000 | 00956nam a2200301 i 4500 | ||
|---|---|---|---|
| 001 | bg | ||
| 100 | 1 | _aKOCZWAŃSKI, Stanisław | |
| 245 | 1 | 0 |
_aInżynieria i budownictwo leśne / _cStanisław Koczwański. |
| 250 | _aWyd. 2 [popr.]. | ||
| 260 |
_aKraków : _bWydaw. AR, _c1995 _e(Krak.). |
||
| 300 |
_a643, [1] s., [1] k. tabl. złoż. : _bfot., rys., wykr. ; _c24 cm. |
||
| 490 | 1 | _aSkrypt / Akademia Rolnicza im. H. Kołłątaja w Krakowie | |
| 504 | _aBibliogr. s. 639-643. | ||
| 650 | 9 |
_aLeśnictwo _xbudownictwo |
|
| 650 | 9 |
_aBudownictwo _xmechanika |
|
| 650 | 9 | _aMateriały budowlane | |
| 650 | 9 |
_aGrunt _xbadanie |
|
| 650 | 9 | _aDrogi leśne | |
| 655 | _aPodręczniki akademickie | ||
| 830 | 0 | _aSkrypt (Akademia Rolnicza im. H. Kołłątaja w Krakowie) | |
| 020 | _a8386524065 | ||
| 040 | _cBPK | ||
| 041 | 0 | _apol | |
| 080 | _a69:630](075.8) | ||
| 920 | _a83-86524-06-5 | ||
| 942 | _cKS | ||
| 008 | s pl f |000 0 pol | ||
| 999 |
_c25090 _d25090 |
||
| 856 |
_uhttp://koha.tu.koszalin.pl/cgi-bin/koha/opac-detail.pl?biblionumber=25090 _yKatalog online BPK |
||